| 000 | 00659nam a2200205Ia 4500 | ||
|---|---|---|---|
| 008 | 191130s2008##################000#0#eng## | ||
| 020 | _a9780300125085 | ||
| 040 |
_aACL _cACL |
||
| 082 | _a720.92241 COL | ||
| 100 | _aColvin, Howard | ||
| 245 |
_aA biographical dictionary of British architects, 1600-1840 _cHoward Colvin |
||
| 250 | _a4th ed | ||
| 260 |
_aNew Haven, CT _bYale University Press _c2008 |
||
| 300 | _a1334 p. ; 24 cm | ||
| 500 | _aIncludes bibliographical references and indexes | ||
| 650 | _aArchitects - Great Britain - Biography - Dictionaries | ||
| 990 | _a6da7ec8bac10000c5f4e8d6402882d60 | ||
| 991 | _a310756 | ||
| 999 |
_c339457 _d339457 |
||